| 000 | 00777nam a2200229Ia 4500 | ||
|---|---|---|---|
| 005 | 20220616100911.0 | ||
| 008 | 210716s2006 xx 000 0 und d | ||
| 020 | _a9788120329874 | ||
| 040 | _cAIMIT LIBRARY | ||
| 041 | _aeng | ||
| 082 |
_a511.42 _21 _bGHOP |
||
| 100 |
_aGhosh, Pallab. _943151 |
||
| 245 |
_aNumerical methods with computer programs in c++ / _cBy Pallab Ghosh. |
||
| 250 | _a1st ed. | ||
| 260 |
_aNew Delhi : _bPHI Learning Pvt Ltd , _c2009. |
||
| 300 |
_avi, 642p. ; _c23 cm. |
||
| 650 |
_aAccuracy and stability in numerical computing _943152 |
||
| 650 |
_aSolution of simulataneous linear algebraic equations _943153 |
||
| 650 |
_aStatistical analysis of data _943154 |
||
| 650 |
_aNumerical integration _943155 |
||
| 942 |
_2ddc _cBK _e1st _k511.42 GHOP |
||
| 999 |
_c189660 _d189660 |
||